Norwegian Counties - Statistics

General Stats
  • This quiz has been taken 71 times
  • The average score is 8 of 12
Answer Stats
Answer % Correct
Oslo
96%
Nordland
75%
Agder
74%
Viken
70%
Vestland
68%
Innlandet
64%
Trøndelag
64%
Troms og Finnmark
62%
Møre og Romsdal
60%
Rogaland
58%
Vestfold og Telemark
43%
Svalbard
26%
No matching quizzes found
Score Distribution
Percent of People with Each Score
Percentile by Number Answered
Your Score History
You have not taken this quiz